Normal view
MARC view
- المظفر، محمد رضا ، تقديم حامد حفني داود
Entry Personal Name
001 - CONTROL NUMBER
- control field: 49412
003 - CONTROL NUMBER IDENTIFIER
- control field: JO-AjAnu
005 - DATE AND TIME OF LATEST TRANSACTION
- control field: 20230606082137.0
008 - FIXED-LENGTH DATA ELEMENTS
- fixed length control field: 230606|| aca||aabn | a|a d
040 ## - CATALOGING SOURCE
- Original cataloging agency: JO-AjAnu
- Transcribing agency: JO-AjAnu
100 ## - HEADING--PERSONAL NAME
- Personal name: المظفر، محمد رضا ، تقديم حامد حفني داود
670 ## - SOURCE DATA FOUND
- Source citation: Work cat.: (JO-AjAnu)25269: المظفر، محمد رضا ، تقديم حامد حفني داود, author, عقائد الإمامية